| 000 | 00358cam a2200145ua 4500 | ||
|---|---|---|---|
| 041 |
_aeng _h |
||
| 082 |
_a828.09 _bYou/ER |
||
| 100 | _ayoung , philip . | ||
| 245 |
_aErnest haning way / _cPhilip young. _hTextual Documents |
||
| 260 |
_aLondon : _bOxford University Press , _c1963. |
||
| 300 | _a44 ; . | ||
| 504 | _a | ||
| 942 | _cBK | ||
| 999 |
_c2759 _d2759 |
||